Les divinités de Smite - Statistiques

Statistiques générales
  • Ce quiz a été pris 312 fois
  • Le résultat moyen est 62 sur 109
Statistiques - réponses
Rôle Panthéon Divinités Titre % Correct
Mage Egyptien Anubis Dieu des morts
85%
Chasseur Grec Apollon Dieu de la musique
84%
Gardien Grec Arès Dieu de la guerre
84%
Mage Grec Aphrodite Déesse de la beauté
83%
Chasseur Grec Artémis Déesse de la chasse
83%
Mage Grec Hadès Roi des enfers
82%
Gardien Grec Athéna Déesse de la sagesse
80%
Gardien Romain Bacchus Dieu du vin
79%
Mage Egyptien Le dieu soleil
77%
Mage Grec Zeus Dieu du ciel
77%
Chasseur Romain Cupidon Dieu de l'amour
76%
Assassin Nordique Loki Le dieu fripon
76%
Mage Grec Poséïdon Dieu des océans
75%
Assassin Egyptien Bastet Déesse des chats
74%
Guerrier Nordique Odin Le père de tout
74%
Assassin Nordique Thor Dieu du tonnerre
73%
Chasseur Grec Méduse La gorgone
72%
Guerrier Japonais Amaterasu La lumière brillante
71%
Mage Grec Héra Reine des Dieux
71%
Guerrier Arthurien Roi Arthur Le porteur d'Excalibur
71%
Gardien Grec Cerbère Gardien des Enfers
70%
Mage Hindou Agni Dieu du feu
69%
Assassin Grec Arachné La tisserande
69%
Mage Romain Janus Dieu des portails et des transitions
69%
Mage Arthurien Merlin L'enchanteur
69%
Gardien Nordique Ymir Le père des géants de glace
69%
Mage Grec Chronos Gardien du temps
68%
Guerrier Grec Achilles Héros de la guerre de Troie
67%
Chasseur Maya Ah Muzen Cab Dieu des abeilles
67%
Mage Hindou Ah Puch Horrible dieu de la pourriture
67%
Mage Vaudou Baron Samedi Esprit de la mort et de la résurrection
65%
Guerrier Romain Bellone Déesse de la guerre
65%
Mage Nordique Hel Déesse des enfers
63%
Chasseur Egyptien Neith Tisseuse du destin
63%
Guerrier Maya Chaac Dieu de la pluie
62%
Mage Nordique Freya La reine des Valkyries
62%
Assassin Hindou Bakasura Le grand dévoreur
61%
Chasseur Celtique Cernunnos Le dieu cornu
61%
Guerrier Romain Hercules Le champion de Rome
61%
Assassin Romain Mercure Le messager des dieux
61%
Guerrier Chinois Sun Wukong Le roi singe
61%
Assassin Nordique Fenrir Le dechaîné
60%
Assassin Grec Thanatos La main de la mort
60%
Gardien Celtique Artio La déesse ourse
59%
Gardien Hindou Ganesh Dieu de la réussite
59%
Mage Egyptien Isis Déesse de la magie
59%
Guerrier Egypte Osiris Dieu brisé de l'au-delà
59%
Mage Romain Vulcain Le forgeron des dieux
59%
Gardien Egyptien Geb Dieu de la terre
58%
Mage Grec Perséphone Reine des Enfers
58%
Assassin Egyptien Seth L'usurpateur
58%
Chasseur Japonais Izanami Déesse de la mort
57%
Mage Slave Baba Yaga La sorcière de la forêt
56%
Gardien Nordique Fafnir Le seigneur de l'or scintillant
56%
Mage Maya Kukulkan Le serpent des neuf vents
56%
Guerrier Grec Niké Déesse de la victoire
56%
Mage Chinois Chang'e La fée lunaire
55%
Mage Romain Discordia Déesse des querelles
55%
Guerrier Egyptien Horus L'héritier légitime
55%
Mage Romain Nox Déesse de la nuit
55%
Mage Grec Scylla L'horreur des mers
55%
Mage Chinois Ao Kuang Roi dragon des mers orientales
54%
Assassin Chinois Da Ji Le renard aux neuf queues
54%
Assassin Hindou Kali Déesse de la destruction
54%
Gardien Egyptien Khepri Le porteur de l'aube
54%
Gardien Egyptien Sobek Dieu du Nil
54%
Gardien Maya Cabrakan Destructeur de montagnes
53%
Assassin Grec Némésis Déesse de la vengeance
53%
Gardien Romain Terra La terre nourricière
53%
Gardien Nordique Jormungandr Le serpent-monde
52%
Mage Nordique Sol Déesse du soleil
52%
Guerrier Celtique Cú Chulainn Chien de Culann
51%
Chasseur Hindou Rama Le septième avatar de Vishnou
51%
Assassin Japonais Susano Dieu de l'orage d'été
51%
Assassin Maya Awilix Déesse de la lune
50%
Assassin Maya Camazotz Dieu chauve-souris sanguinaire
50%
Guerrier Chinois Mulan Guerrière en devenir
49%
Assassin Polynésien Pélé Déesse des volcans
49%
Guerrier Nordique Tyr Le législateur
49%
Chasseur Egyptien Anhour Pourfendeur d'ennemis
48%
Guerrier Chinois Guan Yu Saint guerrier
48%
Assassin Maya Hun Batz Le dieu singe hurleur
48%
Assassin Chinois Ne Zha Le troisième prince du lotus
48%
Gardien Hindou Kumbhakarna Le géant endormi
47%
Gardien Yoruba Yemoja Déesse des rivières
47%
Chasseur Nordique Skadi Déesse de l'hiver
46%
Chasseur Nordique Heimdallr Le gardien du pont
45%
Mage Japonais Raijin Maître du tonnerre
45%
Gardien Romain Sylvanus Gardien de la nature
45%
Chasseur Grec Chiron Le grand maître
44%
Mage Chinois He Bo Dieu du fleuve jaune
44%
Assassin Nordique Ratatoskr Le messager fourbe
44%
Chasseur Nordique Ullr Le glorieux
44%
Guerrier Hindou Vamana Le cinquième avatar de Vishnou
44%
Chasseur Maya Xbalanque Le soleil jaguar caché
44%
Chasseur Japonais Hachiman Seigneur des huit banderoles
43%
Assassin Egyptien Serqet Déesse du venin
42%
Assassin Hindou Ravana Roi démon de Lanka
41%
Mage Egyptien Thot Arbitre des damnés
41%
Gardien Japonais Kuzenbo Roi kappa
40%
Chasseur Chinois Hou Yi Défenseur de la Terre
39%
Mage Yoruba Olorun Souverain céleste
39%
Mage Chinois Nu Wa La gardienne des cieux
38%
Mage Celtique Morrigan Reine spectrale
37%
Mage Chinois Zhong Kui L'étouffe-démon
35%
Chasseur Slave Tchernobog Le seigneur des ténèbres
33%
Guerrier Chinois Erlang Shen L'illustre sage
31%
Gardien Chinois Xing Tian L'implacable
30%
Chasseur Chinois Jing Wei La gardienne du serment
28%
Aucun quiz correspondant
Distribution des résultats
% des personnes avec chaque résultat
Percentile par nombre de réponses
Votre historique - résultats
Vous n’avez pas pris ce quiz